000 00586nam a2200193Ia 4500
003 OSt
005 20251001161814.0
008 220926b |||||||| |||| 00| 0 eng d
037 _cReference
040 _aRTL
_cRTL
_beng
041 _2eng
_aeng
084 _aR37, K6/SC
_qRTL
100 _aKohler Wolfgang
_9371023
245 0 _aPlace of value in a world of facts
260 _aNew
_bYork Mentor Book
_c1966
300 _axi,320 p.
_ccm.
_bIncludes bibliographical references and index.
942 _hR37, K6/SC
_cREF
_2CC
_n0
999 _c691269
_d691269